000 00338nam a2200133Ia 4500
008 240624s9999 xx 000 0 und d
041 _aeng
082 _a005.133 SCH
100 _aSCHILDT HERBERT
245 _aJAVA 2 THE COMPLETE REFERENCE
250 _a(5th ed.)
260 _c2003
_aNew Delhi
_bTata McGrawhill
300 _axxviii, : 1168
999 _c3876
_d3876